Gesamtwirtschaftliche und finanzwirtschaftliche Kosten des Agrarschutzes in der EG <eine> empirische Analyse der Auswirkungen einer Liberalisierung des gemeinsamten Agrarmarktes

Saved in:
Bibliographic Details
Main Author: Dicke, Hugo
Other Authors: Rodemer, Horst
Format: Book
Language:German
Published: Kiel Institut für Weltwirtschaft 1982
Series:Arbeitspapier Nr. 146
Tags: Add Tag
No Tags, Be the first to tag this record!

MARC

LEADER 00000nam a2200000 4500
001 c138337
005 20181203150511.2
041 0 |a ger 
044 |a DE 
245 1 0 |a Gesamtwirtschaftliche und finanzwirtschaftliche Kosten des Agrarschutzes in der EG  |b <eine> empirische Analyse der Auswirkungen einer Liberalisierung des gemeinsamten Agrarmarktes  |c Hugo Dicke, Horst Rodemer 
264 1 |a Kiel  |b Institut für Weltwirtschaft  |c 1982 
300 |a 29 s. 
490 1 |a Arbeitspapier  |v Nr. 146 
830 0 |a Arbeitspapier  |v Nr. 146 
100 1 |a Dicke, Hugo 
700 1 |a Rodemer, Horst